|
|
|
|
| LEADER |
00000cam a22000004a 4500 |
| 001 |
musev2_2238 |
| 003 |
MdBmJHUP |
| 005 |
20230905040310.0 |
| 006 |
m o d |
| 007 |
cr||||||||nn|n |
| 008 |
101222s2011 pau o 00 0 eng d |
| 010 |
|
|
|z 2010053505
|
| 020 |
|
|
|a 9780812204643
|
| 020 |
|
|
|z 9780812243147
|
| 035 |
|
|
|a (OCoLC)793012543
|
| 040 |
|
|
|a MdBmJHUP
|c MdBmJHUP
|
| 050 |
0 |
4 |
|a HB3722
|b .C696 2011
|
| 082 |
0 |
|
|a 330.9/0511
|2 22
|
| 245 |
0 |
0 |
|a Corporate Governance Failures :
|b The Role of Institutional Investors in the Global Financial Crisis /
|c edited by James P. Hawley, Shyam J. Kamath, and Andrew T. Williams.
|
| 264 |
|
1 |
|a Philadelphia :
|b University of Pennsylvania Press,
|c 2011.
|
| 264 |
|
3 |
|a Baltimore, Md. :
|b Project MUSE,
|c 2012
|
| 264 |
|
4 |
|c ©2011.
|
| 300 |
|
|
|a 1 online resource (352 pages):
|b ill. ;
|
| 336 |
|
|
|a text
|b txt
|2 rdacontent
|
| 337 |
|
|
|a computer
|b c
|2 rdamedia
|
| 338 |
|
|
|a online resource
|b cr
|2 rdacarrier
|
| 500 |
|
|
|a Revised proceedings of a two-day conference entitled Institutional Investors, Risk/Return, and Corporate Governance Failures : Practical Lessons from the Global Financial Crisis.
|
| 504 |
|
|
|a Includes bibliographical references (p. [279]-333) and index.
|
| 588 |
|
|
|a Description based on print version record.
|
| 650 |
|
0 |
|a Institutional investments
|v Congresses.
|
| 650 |
|
0 |
|a Corporate governance
|v Congresses.
|
| 650 |
|
0 |
|a Financial risk
|v Congresses.
|
| 650 |
|
0 |
|a Global Financial Crisis, 2008-2009
|v Congresses.
|
| 655 |
|
7 |
|a Electronic books.
|2 local
|
| 700 |
1 |
|
|a Williams, Andrew T.,
|d 1943-
|
| 700 |
1 |
|
|a Kamath, Shyam J.
|
| 700 |
1 |
|
|a Hawley, James P.,
|d 1944-
|
| 710 |
2 |
|
|a Project Muse.
|e distributor
|
| 830 |
|
0 |
|a Book collections on Project MUSE.
|
| 856 |
4 |
0 |
|z Texto completo
|u https://projectmuse.uam.elogim.com/book/2238/
|
| 945 |
|
|
|a Project MUSE - Custom Collection
|
| 945 |
|
|
|a Project MUSE - 2011 Complete
|
| 945 |
|
|
|a Project MUSE - 2011 Political Science and Policy Studies
|